00264nam a22001097a 4500020001500000082001700015100001900032245002700051260004900078300000700127490002000134 a9559244094 a620.1122 AMI aA.M.M.Amirudin aCorrosion of Materials aColombobInstitute of Chemistry Ceylonc1997 a32 aMonograph No.09